Электромашинный импульсный генератор с попарно-последовательными коммутациями обмоток: диссертация на соискание ученой степени кандидата технических наук; Спец. 05.09.01

Bibliographic Details
Main Author: Матвеев А. М.
Corporate Author: Томский политехнический университет
Other Authors: Лоос А. В. (научный руководитель)
Language:Russian
Published: Томск, 1989
Subjects:
Format: Book
KOHA link:https://koha.lib.tpu.ru/cgi-bin/koha/opac-detail.pl?biblionumber=46272

MARC

LEADER 00000nbm0a2200000 4500
001 46272
005 20231031024450.0
035 |a (RuTPU)RU\TPU\book\48214 
090 |a 46272 
100 |a 20021229d1989 k y0rusy50 ca 
101 0 |a rus 
102 |a RU 
105 |a a m 001zy 
200 1 |a Электромашинный импульсный генератор с попарно-последовательными коммутациями обмоток  |e диссертация на соискание ученой степени кандидата технических наук  |e Спец. 05.09.01  |f А. М. Матвеев  |g Томский политехнический университет; науч. рук. А. В. Лоос 
210 |a Томск  |d 1989 
215 |a 173 л.  |c ил. 
320 |a Библиогр.: с. 159-173 (132 назв.) 
610 1 |a электрические машины 
610 1 |a генераторы импульсные 
610 1 |a обмотки 
610 1 |a диссертации 
675 |a 621.319.322(048)  |v 3 
686 |a 05.09.03  |2 oksvnk 
700 1 |a Матвеев  |b А. М. 
702 1 |a Лоос  |b А. В.  |4 727 
712 0 2 |a Томский политехнический университет  |2 stltpush  |3 (RuTPU)RU\TPU\col\376 
801 1 |a RU  |b 63413507  |c 20021229  |g PSBO 
801 2 |a RU  |b 63413507  |c 20081226  |g PSBO 
942 |c BK